Tom and Jerry : (Record no. 8603)

MARC details
000 -LEADER
fixed length control field 00907nam a22002897a 4500
001 - CONTROL NUMBER
control field 8603
003 - CONTROL NUMBER IDENTIFIER
control field FISKH
005 - DATE AND TIME OF LATEST TRANSACTION
control field 20251002140846.0
008 - FIXED-LENGTH DATA ELEMENTS--GENERAL INFORMATION
fixed length control field 251002b cb ||||| |||| 00| 0 eng d
020 ## - INTERNATIONAL STANDARD BOOK NUMBER
International Standard Book Number 027506909019
040 ## - CATALOGING SOURCE
Original cataloging agency FISKH
Language of cataloging eng
Transcribing agency FISKH
Modifying agency FISKH
050 ## - LIBRARY OF CONGRESS CALL NUMBER
Classification number PZ7
082 ## - DEWEY DECIMAL CLASSIFICATION NUMBER
Classification number 791.45
100 ## - MAIN ENTRY--PERSONAL NAME
Personal name Jacobson, Sid
Relator term Author
245 ## - TITLE STATEMENT
Title Tom and Jerry :
Remainder of title The orient express
260 ## - PUBLICATION, DISTRIBUTION, ETC.
Name of publisher, distributor, etc. Turner entertainment Co. ,
Date of publication, distribution, etc. 2008
300 ## - PHYSICAL DESCRIPTION
Extent 24 pages :
Other physical details color illustrations ;
Dimensions 16 cm
505 ## - FORMATTED CONTENTS NOTE
Formatted contents note N<br/>
520 ## - SUMMARY, ETC.
Summary, etc. Something doesn't seem right when Tom notices three sneaky passengers aboard the Orient Express. It is up to Tom and Jerry to solve the mystery.
521 8# - TARGET AUDIENCE NOTE
Target audience note 770<br/>
Source AD<br/>
521 8# - TARGET AUDIENCE NOTE
Target audience note N<br/>
Source Raz-Plus<br/>
650 ## - SUBJECT ADDED ENTRY--TOPICAL TERM
Topical term or geographic name entry element Tom and Jerry
Form subdivision Mystery
650 ## - SUBJECT ADDED ENTRY--TOPICAL TERM
Topical term or geographic name entry element Sneaky passengers
Form subdivision Orient express
700 ## - ADDED ENTRY--PERSONAL NAME
Personal name Bricklin, Kevin
Relator term Illustrator
942 ## - ADDED ENTRY ELEMENTS (KOHA)
Source of classification or shelving scheme Dewey Decimal Classification
Koha item type Books
Suppress in OPAC No
Holdings
Withdrawn status Lost status Source of classification or shelving scheme Damaged status Not for loan Home library Current library Shelving location Date acquired Total Checkouts Full call number Barcode Date last seen Copy number Price effective from Koha item type
    Dewey Decimal Classification     Footprints International School Library Network Toul Kork Campus Footprints International School Library Network Toul Kork Campus TK Primary Library Room(4th Floor), Bookcase 5&6, Shelves 33-56, Orange Books 10/02/2025   JAC 791.45 PZ7 FISTK02655 10/02/2025 1 10/02/2025 Books